Statistiques concernant Les attaques des pokemon (Expert)

Cliquez ici pour prendre le quiz!

Statistiques générales

  • Ce quiz a été pris 719 fois
  • Le résultat moyen est 15 sur 19

Statistiques - réponses

AttaquesTypes% Correct
FlashNormal
98%
OuraganDragon
93%
Lame OinteCombat
88%
AbîmeSol
87%
Vent MauvaisSpectre
85%
AromathérapiePlante
84%
OctazookaEau
83%
DistorsionPsy
83%
Vent ArgentéInsecte
82%
Coup VictoireFeu
81%
AllègementAcier
78%
LyophilisationGlace
77%
BastonTenebre
74%
EnroulementPoison
72%
Orage AdamantinRoche
72%
MimiqueVol
72%
Lumière du néantFée
71%
Force AjouterPsy
70%
DélugePlasmiqueElectrique
59%

Distribution des résultats

Percentile par nombre de réponses

% des personnes avec chaque résultat

Votre développement - résultats

Vous n’avez pas pris ce quiz